Statistiques concernant Trouve les paroles - Tout - Lara Fabian

Cliquez ici pour prendre le quiz!

Statistiques générales

  • Ce quiz a été pris 152 fois
  • Le résultat moyen est 162 sur 230

Statistiques - réponses

Réponse% Correct
tout
100%
Tout
100%
est
99%
Est
99%
nous
99%
Nous
99%
entre
98%
fini
98%
la
96%
plus
92%
du
91%
a
90%
à
90%
A
90%
De
90%
de
90%
et
90%
force
89%
J'ai
86%
ce
85%
Ce
85%
croire
85%
D'y
83%
d'espérer
82%
te
81%
je
80%
qui
80%
le
78%
se
76%
ces
75%
Ces
75%
On
74%
on
74%
dis
73%
au
72%
Au
72%
Tous
72%
me
70%
pas
70%
Pas
70%
présent
70%
les
69%
Les
69%
Rien
69%
rien
69%
tes
69%
fou
67%
mon
64%
s'en
64%
corps
63%
n'a
63%
pour
62%
c'est
61%
dit
59%
moments
58%
vide
57%
mains
56%
moi
56%
Tu
56%
tu
56%
autres
55%
comme
55%
Que
55%
toi
55%
qu'à
53%
fous
52%
encore
51%
désabusées
50%
incompris
50%
joué
50%
même
50%
ou
50%
passé
50%
sans
49%
unit
49%
forts
48%
fout
48%
jour
48%
Sors
48%
sors
48%
as
47%
avait
47%
instants
47%
aujourd'hui
46%
détruit
46%
indécis
45%
s'est
45%
notre
44%
sais
44%
garde
43%
t'en
43%
cirer
42%
n'était
42%
prouver
41%
s'écrivent
41%
Parle
40%
parle
40%
trembler
40%
années
39%
comprendrai
39%
d'être
39%
Mais
39%
sang
39%
vu
39%
peux
38%
qu'un
38%
liberté
37%
gâcher
36%
l'univers
36%
regrets
36%
Sauf
36%
passer
35%
décidait
34%
Dis-le
34%
entendre
34%
pleure
34%
redira
34%
Partir
33%
creux
32%
l'espoir
32%
déchirer
31%
rendre
31%
rester
30%
ciel
27%
là-haut
26%
m'entende
26%

Distribution des résultats

Percentile par nombre de réponses

% des personnes avec chaque résultat

Votre développement - résultats

Vous n’avez pas pris ce quiz